| 000 | 00000nam 2200000zi 4500 |
| 001 | 9.954631 |
| 003 | CaOODSP |
| 005 | 20250829124648 |
| 006 | m o d f |
| 007 | cr mn||||||||| |
| 008 | 250829e20180118onca ob f000 0 eng d |
| 040 | |aCaOODSP|beng|erda|cCaOODSP |
| 043 | |an-cn--- |
| 086 | 1 |aH139-89/2018E-PDF |
| 245 | 00|aHow to demonstrate foreign building compliance with drug good manufacturing practices. |
| 246 | 17|aHow to demonstrate foreign building compliance with drug good manufacturing practices (GUI-0080) |
| 250 | |a[2018 edition]. |
| 264 | 1|a[Ottawa] : |bHealth Canada = Santé Canada, |cJanuary 18, 2018. |
| 300 | |a1 online resource (35 pages, 1 unnumbered page) : |bcolour illustration |
| 336 | |atext|btxt|2rdacontent |
| 337 | |acomputer|bc|2rdamedia |
| 338 | |aonline resource|bcr|2rdacarrier |
| 500 | |aIssued also in French under title: Comment démontrer la conformité des établissements étrangers avec les bonnes pratiques de fabrication des médicaments. |
| 500 | |aTitle from cover. |
| 500 | |a"GUI-0080." |
| 504 | |aIncludes bibliographical references. |
| 520 | |a"This guide is for Canadian importers who want to list a foreign building on their drug establishment licence (DEL). It provides guidance on the type of information you should submit to support your DEL amendment application. It will also help you understand how Part C, Division 2 (Good Manufacturing Practices) of the Food and Drug Regulations (FDR) applies to foreign buildings that supply Canadian importers with drugs (finished dosage forms (FDF) or active pharmaceutical ingredients (API), including any FDF and API intermediates) for import into Canada or import into Canada for future export"--Purpose, page 4. |
| 650 | 0|aPharmaceutical industry|xGovernment policy|zCanada. |
| 650 | 0|aPharmaceutical policy|zCanada. |
| 710 | 1 |aCanada. |bHealth Canada, |eissuing body. |
| 775 | 08|tComment démontrer la conformité des établissements étrangers avec les bonnes pratiques de fabrication des médicaments.|w(CaOODSP)9.954632 |
| 794 | |tHow to demonstrate foreign building compliance with drug good manufacturing practices (GUI-0080).|b[2025 edition]|w(CaOODSP)9.949160 |
| 856 | 40|qPDF|s568 KB|uhttps://publications.gc.ca/collections/collection_2025/sc-hc/H139-89-2018-eng.pdf |
| 856 | 4 |qHTML|sN/A|uhttps://www.canada.ca/en/health-canada/services/drugs-health-products/compliance-enforcement/good-manufacturing-practices/guidance-documents/guidance-evidence-demonstrate-drug-compliance-foreign-sites-0080/document.html |